Indian corporate laws : (Record no. 42232)

MARC details
000 -LEADER
fixed length control field 00636nam a22001937a 4500
005 - DATE AND TIME OF LATEST TRANSACTION
control field 20180723165711.0
010 ## - LCCN (DPL NO)
LC control number ENG-100676
020 ## - INTERNATIONAL STANDARD BOOK NUMBER
International Standard Book Number 8175154470
Terms of availability 139.00
035 ## - SYSTEM CONTROL NUMBER
System control number EN-84209, B-216625
037 ## - SOURCE OF ACQUISITION
Source of stock number/acquisition DBAD/PUB
082 ## - DEWEY DECIMAL CLASSIFICATION NUMBER
Classification number 346.006
100 ## - MAIN ENTRY--PERSONAL NAME
Personal name Aggarwal, S.K.
245 ## - TITLE STATEMENT
Title Indian corporate laws :
Remainder of title a textbook for B.COM(hons), M.COM, C.A, C.S,I.C.W.A,M.B.Aand LLb courses /
Statement of responsibility, etc by S.K. Aggarwal
260 ## - PUBLICATION, DISTRIBUTION, ETC. (IMPRINT)
Place of publication, distribution, etc New Delhi
Name of publisher, distributor, etc Galgotia Publications
Date of publication, distribution, etc 2006
270 ## - ADDRESS
Address 5, Ansari Road, Darya Ganj
City New Delhi
Postal code 110002
300 ## - PHYSICAL DESCRIPTION
Extent 519p.
Dimensions 24cm (pbk)
500 ## - GENERAL NOTE
General note Includes index
942 ## - ADDED ENTRY ELEMENTS (KOHA)
Source of classification or shelving scheme Dewey Decimal Classification
Item type English Books
Classification part 346.066
Call number suffix AGG
Holdings
Withdrawn status Lost status Not for loan Collection code Home library Current library Date acquired Source of acquisition Cost, normal purchase price Full call number Barcode Copy number Cost, replacement price Koha item type
    Not For Loan Non-fiction D.B.Act.Division D.B.Act.Division 16/08/2010 DBAD/PUB 139.00 346.066 AGG EN-84209 1 139.00 English Books
      Non-fiction Patel Nagar Patel Nagar 23/07/2018 BPPD/PUB   346.066 AGG B-216625     English Books
      Non-fiction Shahdara Branch Shahdara Branch 31/07/2018 BPPD/PUB   346.066 AGG B-216628     English Books

© Delhi Public Library
Hit Counter
free hit counter